000 00660nam a2200229Ia 4500
003 OSt
005 20220918201653.0
006 a|||||r|||| 00| 0
007 ta
008 220917b |||||||| |||| 00| 0 eng d
024 _a95,588
037 _cTextual
040 _aARTS
_cARTS
_beng
041 _2eng
_aeng
082 _aV2:1:N3, H71-;1-;2
100 _aChintamani C Y
_9100071
245 0 _aIndian politics since the mutiny
_b Being an accout of the development of public life and political institutions
260 _c1947
650 _aHISTORY
942 _hV2:1:N3, H71-;1-;2
_cTEXL
_2CC
999 _c219209
_d219209